[Event "Titled Tuesday intern op 29th Mar Early"]
[Site "Chess.com INT"]
[Date "2022.03.29"]
[Round "2"]
[White "Ilyasli, Ughur"]
[Black "Cramling Bellon, Anna"]
[Result "1-0"]
[WhiteElo "2347"]
[BlackElo "2057"]
[PlyCount "63"]
[EventDate "2022.03.29"]
[EventType "swiss (blitz)"]
[EventRounds "11"]
[EventCountry "USA"]
[SourceTitle "CBM 207 Extra"]
[Source "ChessBase"]
[SourceDate "2022.05.31"]
[SourceVersion "1"]
[SourceVersionDate "2022.05.31"]
[SourceQuality "1"]

1. d4 Nf6 2. c4 e6 3. Nc3 d5 4. Nf3 c6 5. e3 Be7 6. Bd3 0-0 7. 0-0 dxc4 8. Bxc4 b5 9. Bd3 Bb7 10. Qe2 Nbd7 11. e4 g6 12. e5 Nd5 13. Nxd5 exd5 14. e6 fxe6 15. Qxe6+ Kg7 16. Re1 Bf6 17. Qh3 Re8 18. Bh6+ Kg8 19. Re6 Nf8 20. Rxe8 Qxe8 21. Re1 Qf7 22. Ne5 Bxe5 23. dxe5 Bc8 24. Qh4 Ne6 25. Re3 Ng7 26. Rf3 Qe8 27. Qf6 Ne6 28. Rg3 Bd7 29. h4 Qd8 30. Rxg6+ hxg6 31. Qxg6+ Kh8 32. Qh7# 1-0

[Event "Titled Tuesday intern op 29th Mar Late"]
[Site "Chess.com INT"]
[Date "2022.03.29"]
[Round "2"]
[White "Ilyasli, Ughur"]
[Black "Samarth, J Rao"]
[Result "1-0"]
[WhiteElo "2347"]
[BlackElo "1664"]
[PlyCount "79"]
[EventDate "2022.03.29"]
[EventType "swiss (blitz)"]
[EventRounds "11"]
[EventCountry "USA"]
[SourceTitle "CBM 207 Extra"]
[Source "ChessBase"]
[SourceDate "2022.05.31"]
[SourceVersion "1"]
[SourceVersionDate "2022.05.31"]
[SourceQuality "1"]

1. d4 d5 2. c4 e6 3. Nc3 c6 4. Nf3 Nf6 5. e3 Bd6 6. Bd3 0-0 7. b3 Nbd7 8. Bb2 Re8 9. Qc2 e5 10. dxe5 Nxe5 11. Nxe5 Bxe5 12. 0-0-0 dxc4 13. Bxh7+ Nxh7 14. Rxd8 Rxd8 15. bxc4 Be6 16. Ne4 Bxb2+ 17. Kxb2 f5 18. Nc5 Bf7 19. Rd1 b6 20. Nb7 Rxd1 21. Qxd1 Bxc4 22. Qd7 Bd5 23. f3 g6 24. e4 fxe4 25. fxe4 Nf8 26. Qg4 Be6 27. Qg5 Bf7 28. Nd8 Rc8 29. e5 Rc7 30. Nxf7 Rxf7 31. Kc3 Rf5 32. Qe7 Rf2 33. e6 Re2 34. Qf7+ Kh8 35. Qxf8+ Kh7 36. e7 Re3+ 37. Kd2 Re4 38. e8Q Rd4+ 39. Kc3 Re4 40. Qh8# 1-0

[Event "Titled Tuesday intern op 29th Mar Early"]
[Site "Chess.com INT"]
[Date "2022.03.29"]
[Round "6"]
[White "Ilyasli, Ughur"]
[Black "Thomas, Anysia"]
[Result "1-0"]
[WhiteElo "2347"]
[BlackElo "2128"]
[PlyCount "53"]
[EventDate "2022.03.29"]
[EventType "swiss (blitz)"]
[EventRounds "11"]
[EventCountry "USA"]
[SourceTitle "CBM 207 Extra"]
[Source "ChessBase"]
[SourceDate "2022.05.31"]
[SourceVersion "1"]
[SourceVersionDate "2022.05.31"]
[SourceQuality "1"]

1. d4 Nf6 2. c4 g6 3. Nc3 d5 4. cxd5 Nxd5 5. e4 Nxc3 6. bxc3 Bg7 7. Nf3 c5 8. Rb1 0-0 9. Be2 Nc6 10. Be3 cxd4 11. cxd4 Qa5+ 12. Kf1 Bg4 13. d5 Rad8 14. Qb3 Bxf3 15. gxf3 Nd4 16. Bxd4 Bxd4 17. Qb4 Qxa2 18. h4 Bc5 19. Qb5 a6 20. Qd3 b5 21. h5 Qa3 22. Qd2 Ba7 23. hxg6 fxg6 24. Rc1 Rf7 25. e5 e6 26. d6 Qa5 27. Qxa5 1-0

[Event "Titled Tuesday intern op 29th Mar Late"]
[Site "Chess.com INT"]
[Date "2022.03.29"]
[Round "7"]
[White "Ilyasli, Ughur"]
[Black "Vifleemskaia, Svetlana"]
[Result "1-0"]
[WhiteElo "2347"]
[BlackElo "1926"]
[PlyCount "57"]
[EventDate "2022.03.29"]
[EventType "swiss (blitz)"]
[EventRounds "11"]
[EventCountry "USA"]
[SourceTitle "CBM 207 Extra"]
[Source "ChessBase"]
[SourceDate "2022.05.31"]
[SourceVersion "1"]
[SourceVersionDate "2022.05.31"]
[SourceQuality "1"]

1. d4 Nf6 2. c4 e6 3. Nc3 Bb4 4. Qb3 a5 5. a3 Bxc3+ 6. Qxc3 d5 7. Nf3 Ne4 8. Qc2 0-0 9. e3 c6 10. Bd3 f5 11. 0-0 Nd7 12. b3 g5 13. Bb2 g4 14. Ne5 Nxe5 15. dxe5 Bd7 16. f3 gxf3 17. gxf3 Nc5 18. Kh1 Qh4 19. Be2 f4 20. cxd5 b6 21. b4 axb4 22. axb4 Rxa1 23. Rxa1 fxe3 24. bxc5 Kf7 25. Ra7 Qe1+ 26. Kg2 Rg8+ 27. Kh3 Qg1 28. Qxh7+ Rg7 29. Rxd7+ 1-0

[Event "Titled Tuesday intern op 29th Mar Late"]
[Site "Chess.com INT"]
[Date "2022.03.29"]
[Round "8"]
[White "Tiarks, Jann Christian"]
[Black "Ilyasli, Ughur"]
[Result "1-0"]
[WhiteElo "2180"]
[BlackElo "2347"]
[PlyCount "105"]
[EventDate "2022.03.29"]
[EventType "swiss (blitz)"]
[EventRounds "11"]
[EventCountry "USA"]
[SourceTitle "CBM 207 Extra"]
[Source "ChessBase"]
[SourceDate "2022.05.31"]
[SourceVersion "1"]
[SourceVersionDate "2022.05.31"]
[SourceQuality "1"]

1. e4 c5 2. c3 Nf6 3. e5 Nd5 4. d4 cxd4 5. Nf3 Nc6 6. cxd4 d6 7. Bb5 dxe5 8. Nxe5 Bd7 9. Nxd7 Qxd7 10. 0-0 e6 11. Nc3 Be7 12. Be3 0-0 13. Rc1 Nxe3 14. fxe3 Rad8 15. Ne4 Qd5 16. Bxc6 bxc6 17. Nc3 Qg5 18. Qf3 Rc8 19. Ne4 Qd5 20. Nc3 Qxf3 21. gxf3 c5 22. d5 exd5 23. Nxd5 Bd6 24. f4 Rfd8 25. Rfd1 f6 26. Kf2 Kf7 27. Kf3 Bf8 28. e4 h5 29. Rc4 g5 30. fxg5 fxg5 31. Ra4 Rd7 32. Ke3 g4 33. Rf1+ Kg6 34. Ra6+ Kg5 35. Rf5+ Kh4 36. Nf6 Bh6+ 37. Ke2 Rd2+ 38. Ke1 Bg5 39. Rxg5 Kxg5 40. Kxd2 h4 41. e5 g3 42. hxg3 hxg3 43. Ra3 Kf4 44. Nh5+ Kxe5 45. Nxg3 c4 46. Rxa7 Rb8 47. Kc3 Rg8 48. Ne2 Rg2 49. Re7+ Kd5 50. Nf4+ Kd6 51. Nxg2 Kxe7 52. Kxc4 Ke6 53. Kb5 1-0

[Event "Titled Tuesday intern op 15 Mar Early"]
[Site "Chess.com INT"]
[Date "2022.03.15"]
[Round "6"]
[White "Ilyasli, Ughur"]
[Black "Budrewicz, Krzysztof"]
[Result "1-0"]
[WhiteElo "2347"]
[BlackElo "2183"]
[PlyCount "125"]
[EventDate "2022.03.15"]
[EventType "swiss (blitz)"]
[EventRounds "11"]
[EventCountry "USA"]
[SourceTitle "CBM 207 Extra"]
[Source "ChessBase"]
[SourceDate "2022.05.31"]
[SourceVersion "1"]
[SourceVersionDate "2022.05.31"]
[SourceQuality "1"]

1. d4 Nf6 2. c4 g6 3. Nc3 Bg7 4. e4 0-0 5. Nge2 d6 6. Ng3 e5 7. d5 a5 8. Be2 Na6 9. h4 h5 10. Bg5 Qe8 11. Qd2 Bd7 12. 0-0-0 Nh7 13. Bxh5 gxh5 14. Nxh5 f6 15. Nxg7 Kxg7 16. Bh6+ Kh8 17. Bxf8 Qxf8 18. f3 Nc5 19. g4 a4 20. Rdg1 Qg7 21. g5 Rg8 22. g6 Nf8 23. h5 f5 24. h6 Qf6 25. g7+ Kh7 26. gxf8Q Rxf8 27. Rg7+ Kh8 28. Qg2 fxe4 29. fxe4 Nd3+ 30. Kc2 Nf4 31. Qg5 Qxg5 32. Rxg5 c6 33. Rg7 Be8 34. Nxa4 cxd5 35. cxd5 Bxa4+ 36. b3 Bb5 37. Kd2 Bd3 38. Ke3 Ba6 39. a4 Rc8 40. Rhg1 Rc3+ 41. Kd2 Rc8 42. h7 b6 43. Rg8+ Kxh7 44. R8g7+ Kh6 45. R7g4 Rf8 46. Rh4+ Nh5 47. Rhg4 Rf2+ 48. Kc3 Rf4 49. Rg6+ Kh7 50. Rxd6 Nf6 51. Rxb6 Nxe4+ 52. Kb4 Bc8 53. Ka5 Bf5 54. Rb7+ Kh6 55. Rb8 Nf6 56. b4 Rd4 57. Rf8 Rxd5+ 58. b5 e4 59. Rxf6+ Kh7 60. Rf7+ Kh8 61. Rg5 Be6 62. Rxd5 Bxf7 63. Re5 1-0

[Event "Titled Tuesday intern op 15 Mar Early"]
[Site "Chess.com INT"]
[Date "2022.03.15"]
[Round "11"]
[White "Ilyasli, Ughur"]
[Black "Matinian, Nikita"]
[Result "0-1"]
[WhiteElo "2347"]
[BlackElo "2460"]
[PlyCount "58"]
[EventDate "2022.03.15"]
[EventType "swiss (blitz)"]
[EventRounds "11"]
[EventCountry "USA"]
[SourceTitle "CBM 207 Extra"]
[Source "ChessBase"]
[SourceDate "2022.05.31"]
[SourceVersion "1"]
[SourceVersionDate "2022.05.31"]
[SourceQuality "1"]

1. d4 Nf6 2. c4 c5 3. d5 e5 4. Nc3 d6 5. e4 Nbd7 6. Be2 g6 7. Be3 Bg7 8. g4 a6 9. g5 Ng8 10. h4 h5 11. f3 Ne7 12. Nh3 b6 13. Nf2 Rb8 14. Rb1 f5 15. Nd3 b5 16. cxb5 axb5 17. b4 c4 18. Nb2 0-0 19. a4 bxa4 20. Qxa4 Nb6 21. Qa5 fxe4 22. fxe4 Bg4 23. Nxc4 Nxc4 24. Bxc4 Qc8 25. Qa6 Ra8 26. Qb5 Bd7 27. Qb6 Qxc4 28. Qxd6 Qxc3+ 29. Bd2 Qc2 0-1